00454nam a2200181Ia 4500008004100000020001800041050001400059100001900073245003400092245004600126260001500172260001600187260000900203300001500212300002700227300001000254500000800264170918s9999 xx 000 0 und d a9780439351089 bW799 2002 aWirth, Crystal aAt 1600 Pennsylvania Avenue / cCrystal Wirth ; illustrated by Jared Lee. aNew York : bScholastic, c2002 a16 pages : bcolored illustration ; c21cm. a430